[Event "Excelsior January U1900"]
[Site "Toronto CAN"]
[Date "2023.01.08"]
[Round "4.11"]
[White "Lakhani, Riyaan"]
[Black "Sirkovich, Daniel"]
[Result "1-0"]
[WhiteElo "1867"]
[BlackElo "1746"]
[PlyCount "109"]
[EventDate "2023.01.06"]
[EventType "swiss"]
[EventRounds "5"]
[EventCountry "CAN"]

1. d4 d5 2. c4 dxc4 3. Nc3 Nf6 4. e3 e6 5. Bxc4 c5 6. Nf3 a6 7. a4 Qc7 8. Qe2
Be7 9. O-O O-O 10. Rd1 Nbd7 11. Bd2 b6 12. Rac1 Bb7 13. Ba2 Bc6 14. Be1 Qb7 15.
Rd2 b5 16. Bb3 c4 17. Bc2 Bb4 18. Rdd1 Rfc8 19. Ra1 Be7 20. Rdc1 b4 21. Nd1 a5
22. Nd2 Bxg2 23. f3 Bh3 24. e4 Nh5 25. f4 Nxf4 26. Qf3 g5 27. Bg3 h5 28. Bxf4
Bg4 29. Qg2 f5 30. Be3 c3 31. bxc3 bxc3 32. Nf1 e5 33. h3 Bxd1 34. Rxd1 f4 35.
Bf2 Rf8 36. Rab1 Qc7 37. Nh2 Ra6 38. Nf3 Rg6 39. Nh4 Rg7 40. Nf5 Qd8 41. Nxg7
Kxg7 42. dxe5 Qc7 43. Rd5 Kh6 44. Bd4 Rg8 45. e6 Nc5 46. Rd1 Nxe6 47. Bf2 f3
48. Qxf3 Rf8 49. Rf5 g4 50. Be3+ Kg7 51. Qg2 Bc5 52. Bxc5 Rxf5 53. exf5 Nf4 54.
f6+ Kh8 55. Qa8+ 1-0

[Event "Excelsior January U1900"]
[Site "Toronto CAN"]
[Date "2023.01.08"]
[Round "4.12"]
[White "Tran, Dennis"]
[Black "Zhong, April"]
[Result "0-1"]
[WhiteElo "1865"]
[BlackElo "1671"]
[PlyCount "72"]
[EventDate "2023.01.06"]
[EventType "swiss"]
[EventRounds "5"]
[EventCountry "CAN"]

1. e4 e6 2. d4 d5 3. Nd2 c5 4. c3 Nc6 5. Ngf3 Nf6 6. e5 Nd7 7. Bd3 Qb6 8. O-O
Be7 9. Qa4 Qc7 10. a3 f5 11. exf6 Bxf6 12. Re1 Kf7 13. Nf1 cxd4 14. cxd4 Ne7
15. Bg5 Ng6 16. Rac1 Qd8 17. Bd2 Nb8 18. Ne3 Nc6 19. Ng4 Bd7 20. Qc2 Rc8 21.
Bxg6+ hxg6 22. Bc3 Rh5 23. Qd3 Qe8 24. Rc2 Kg8 25. Rce2 a6 26. Qb1 Ne7 27. Nge5
Bb5 28. Rd2 Rh7 29. g4 g5 30. Bb4 Rh6 31. Bc5 Ng6 32. Nxg6 Rxg6 33. Rxe6 Qxe6
34. Qxg6 Qxg4+ 35. Kh1 Qxf3+ 36. Kg1 Re8 0-1

[Event "Excelsior January U1900"]
[Site "Toronto CAN"]
[Date "2023.01.08"]
[Round "4.13"]
[White "Deepak, Laksshana"]
[Black "Ugodnikov, Arkadiy"]
[Result "1/2-1/2"]
[WhiteElo "1669"]
[BlackElo "1679"]
[PlyCount "102"]
[EventDate "2023.01.06"]
[EventType "swiss"]
[EventRounds "5"]
[EventCountry "CAN"]

1. e4 e5 2. Nf3 Nc6 3. Nc3 Nf6 4. d4 exd4 5. Nxd4 Bb4 6. Nxc6 bxc6 7. Bd3 d5 8.
exd5 cxd5 9. O-O O-O 10. h3 c6 11. Qf3 Re8 12. Bg5 Be7 13. Rfe1 h6 14. Bh4 Be6
15. Ne2 Nh7 16. Bxh7+ Kxh7 17. Bxe7 Rxe7 18. Rad1 Qe8 19. Qd3+ Kg8 20. f4 f6
21. Nd4 Bd7 22. Rxe7 Qxe7 23. c4 Rd8 24. cxd5 cxd5 25. Kh1 Qd6 26. Ne2 Be8 27.
Qd4 a6 28. Nc3 Bf7 29. a4 Rb8 30. Nxd5 Bxd5 31. Qxd5+ Qxd5 32. Rxd5 Rxb2 33.
Rd6 Rb4 34. Rxa6 Rxf4 35. Ra8+ Kf7 36. a5 Ra4 37. a6 f5 38. a7 Kg6 39. Kg1 Ra1+
40. Kf2 Ra2+ 41. Kf3 Ra3+ 42. Kf4 Ra4+ 43. Ke5 Ra5+ 44. Ke6 Ra6+ 45. Ke7 Ra2
46. Kf8 Ra6 47. h4 f4 48. h5+ Kxh5 49. Kxg7 Rg6+ 50. Kf7 Ra6 51. Ke7 Ra4 {
illisible} 1/2-1/2

[Event "Excelsior January U1900"]
[Site "Toronto CAN"]
[Date "2023.01.08"]
[Round "4.14"]
[White "Zhang, Daniel"]
[Black "Gao, Heye"]
[Result "0-1"]
[WhiteElo "1636"]
[BlackElo "1649"]
[PlyCount "90"]
[EventDate "2023.01.06"]
[EventType "swiss"]
[EventRounds "5"]
[EventCountry "CAN"]

1. e4 e5 2. Nf3 Nc6 3. d4 exd4 4. Nxd4 Nf6 5. Nc3 d6 6. Be3 Be7 7. Qd2 O-O 8.
f3 a6 9. g4 Ne5 10. Be2 c5 11. Nf5 Be6 12. g5 Ne8 13. f4 Bxf5 14. exf5 Nc6 15.
Rg1 f6 16. h4 Kh8 17. h5 fxg5 18. fxg5 Rxf5 19. g6 Bh4+ 20. Kd1 Bf2 21. Bxf2
Rxf2 22. gxh7 Nd4 23. Qe3 Qf6 24. Ne4 Rxe2 25. Qxe2 Nxe2 26. Nxf6 Nxg1 27. Ne4
Nf6 28. Ng5 Nxh7 29. Ne4 Nf3 30. Ke2 Nd4+ 31. Kd3 Nc6 32. Kc3 Rd8 33. Rd1 Nf6
34. Ng5 Ne5 35. Re1 Nd5+ 36. Kb3 Kg8 37. Rg1 Rd7 38. Ne4 Kh7 39. c4 Ne3 40. Rh1
Kh6 41. Ng3 N3xc4 42. Nf5+ Kg5 43. Ng3 d5 44. Kc2 Kg4 45. Rg1 Ne3+ 0-1

[Event "Excelsior January U1900"]
[Site "Toronto CAN"]
[Date "2023.01.08"]
[Round "5.10"]
[White "Zhong, April"]
[Black "Ruchinskaya, Valerie"]
[Result "0-1"]
[WhiteElo "1671"]
[BlackElo "1688"]
[PlyCount "70"]
[EventDate "2023.01.06"]
[EventType "swiss"]
[EventRounds "5"]
[EventCountry "CAN"]

1. d4 d5 2. c4 c6 3. e3 Nf6 4. Nf3 Bf5 5. Nc3 e6 6. Nh4 Bg6 7. Nxg6 hxg6 8. Bd3
Bd6 9. Qb3 Qc7 10. h3 Nbd7 11. Bd2 dxc4 12. Bxc4 Nb6 13. Bd3 e5 14. dxe5 Bxe5
15. Rc1 Qd7 16. Be2 Rd8 17. Rd1 O-O 18. O-O Bb8 19. f4 Rfe8 20. Bf3 Qe7 21.
Rfe1 Rd3 22. Be2 Rxd2 23. Bf3 Rxd1 24. Nxd1 Bxf4 25. Re2 Bb8 26. g4 Nfd5 27. a4
Qh4 28. Bg2 Qg3 29. Rf2 Nxe3 30. Qxf7+ Kh7 31. Nxe3 Rxe3 32. Qxb7 Nd5 33. Qxc6
Re1+ 34. Rf1 Rxf1+ 35. Kxf1 Ne3+ 0-1

[Event "Excelsior January U1900"]
[Site "Toronto CAN"]
[Date "2023.01.08"]
[Round "5.11"]
[White "Ugodnikov, Arkadiy"]
[Black "Lakhani, Riyaan"]
[Result "0-1"]
[WhiteElo "1679"]
[BlackElo "1867"]
[PlyCount "166"]
[EventDate "2023.01.06"]
[EventType "swiss"]
[EventRounds "5"]
[EventCountry "CAN"]

1. e4 g6 2. d4 Bg7 3. Nc3 a6 4. Be3 b5 5. a3 d6 6. f3 Nd7 7. Qd2 Bb7 8. Nge2 c5
9. dxc5 dxc5 10. Rb1 e6 11. Nf4 Qc7 12. Nce2 Ne7 13. Ng3 Nc6 14. Be2 Rd8 15.
O-O Nde5 16. Qc1 Nd4 17. b3 O-O 18. Rd1 Nxe2+ 19. Nfxe2 Rxd1+ 20. Qxd1 Rd8 21.
Qe1 c4 22. Rd1 Rd6 23. Rxd6 Qxd6 24. b4 Nc6 25. Bc5 Qd8 26. Be3 Qd6 27. Qc1 Qd8
28. Bc5 Bc8 29. Be3 Bh8 30. Bc5 Bb7 31. Be3 Bf6 32. Bc5 Kg7 33. Be3 Be7 34. f4
f5 35. exf5 exf5 36. Qd2 Qxd2 37. Bxd2 Bf6 38. c3 Kf7 39. Kf2 Ke6 40. Nf1 Ne7
41. Ne3 Bg7 42. Nc2 Nc6 43. Be3 Kd7 44. Bd4 Nxd4 45. Ncxd4 Kd6 46. g3 Be4 47.
Ke3 Bf6 48. g4 Kd5 49. gxf5 gxf5 50. Kd2 Bd3 51. Ke3 Bd8 52. Ng3 Bf6 53. Nge2
h6 54. Kd2 Ke4 55. Ng3+ Kxf4 56. Nh5+ Kg5 57. Nxf6 Kxf6 58. Ke3 Kg5 59. Kf2 Kf4
60. Ne6+ Ke5 61. Nc7 Be4 62. Nxa6 Bc6 63. Nc5 Kf4 64. Ne6+ Kg4 65. Nd4 Bd7 66.
Kg2 Kf4 67. Kf2 Ke4 68. Ke2 f4 69. Kf2 Kd3 70. Ne2 Be8 71. Nxf4+ Kxc3 72. Ke3
Kb3 73. Kd2 Kb2 74. Nd5 Bd7 75. Nc3 Bc6 76. Nd1+ Kb3 77. Ne3 c3+ 78. Kc1 Kxa3
79. Nc2+ Ka4 80. Nd4 Be4 81. Ne2 Kxb4 82. h4 Kc4 83. Ng3 Bd3 0-1

[Event "Excelsior January U1900"]
[Site "Toronto CAN"]
[Date "2023.01.08"]
[Round "5.12"]
[White "Sirkovich, Daniel"]
[Black "Sreekumar, Gauri"]
[Result "0-1"]
[WhiteElo "1746"]
[BlackElo "1577"]
[PlyCount "92"]
[EventDate "2023.01.06"]
[EventType "swiss"]
[EventRounds "5"]
[EventCountry "CAN"]

1. e4 c5 2. Nf3 d6 3. d4 cxd4 4. Nxd4 Nf6 5. Nc3 g6 6. Be3 Bg7 7. f3 O-O 8. Qd2
Nc6 9. Bc4 Nxd4 10. Bxd4 Be6 11. Nd5 Rc8 12. Bb3 Nxd5 13. Bxg7 Kxg7 14. exd5
Bd7 15. Qd4+ Kg8 16. Qxa7 Bf5 17. Qf2 Qa5+ 18. Qd2 Qa6 19. g4 Bd7 20. O-O-O Ba4
21. Qb4 b5 22. a3 Rc7 23. Rd4 Rfc8 24. c3 Bxb3 25. Qxb3 Qb6 26. Kb1 Rb8 27. Re1
Qa7 28. Ka2 Rcb7 29. Ree4 Rc8 30. f4 Rc5 31. f5 f6 32. fxg6 hxg6 33. h4 Kf7 34.
Qc2 Rb8 35. Rf4 Ra8 36. g5 f5 37. h5 Kg7 38. hxg6 e6 39. dxe6 Qe7 40. Qe2 Re5
41. Qxe5+ dxe5 42. Rh4 Qxe6+ 43. Kb1 exd4 44. Rh7+ Kg8 45. cxd4 Qxg6 46. Rb7
f4+ 0-1

[Event "Excelsior January U1900"]
[Site "Toronto CAN"]
[Date "2023.01.08"]
[Round "5.14"]
[White "Zhang, Daniel"]
[Black "Momic, Jovan"]
[Result "1-0"]
[WhiteElo "1636"]
[BlackElo "1816"]
[PlyCount "125"]
[EventDate "2023.01.06"]
[EventType "swiss"]
[EventRounds "5"]
[EventCountry "CAN"]

1. e4 d6 2. d4 Nf6 3. Nc3 c6 4. f4 Qa5 5. Bd3 e5 6. fxe5 dxe5 7. dxe5 Ng4 8. h3
Nxe5 9. Nf3 Bb4 10. Bd2 Be6 11. O-O Nbd7 12. Ng5 O-O-O 13. Nxe6 fxe6 14. a3
Nxd3 15. cxd3 Qb6+ 16. Kh1 Bd6 17. Qe2 Bb8 18. Rac1 Ne5 19. Be3 Qb3 20. Rfd1
Rd7 21. d4 Nc4 22. d5 Nxe3 23. Qxe3 Rhd8 24. Qe2 Bf4 25. Rc2 Kb8 26. Rf1 g5 27.
dxc6 bxc6 28. g3 Bxg3 29. Rf3 Be5 30. Nd5 Qa4 31. Nb4 c5 32. Na6+ Ka8 33. Nxc5
Rd1+ 34. Kg2 Qd4 35. Qf2 Rd2 36. Rxd2 Qxd2 37. Nxe6 Qxf2+ 38. Rxf2 Re8 39. Nf8
Bd4 40. Rf3 h6 41. b4 Rxe4 42. Nd7 Kb7 43. Nc5+ Bxc5 44. bxc5 Kc6 45. Rf6+ Kxc5
46. Rxh6 a5 47. Rh5 Re5 48. h4 Kc4 49. Rxg5 Re2+ 50. Kf3 Rh2 51. Rxa5 Kb3 52.
Kg3 Rh1 53. h5 Rg1+ 54. Kh4 Rh1+ 55. Kg5 Rg1+ 56. Kh6 Rh1 57. Kh7 Rh2 58. h6
Rh1 59. Ra6 Kc4 60. Kh8 Kb5 61. Rg6 Ka4 62. h7 Kxa3 63. Kg7 1-0

[Event "Excelsior January op"]
[Site "Toronto CAN"]
[Date "2023.01.06"]
[Round "1.2"]
[White "Sanchez, Victor"]
[Black "Reshetniak, Vitaliy"]
[Result "1-0"]
[WhiteElo "2322"]
[BlackElo "2027"]
[PlyCount "55"]
[EventDate "2023.01.06"]
[EventType "swiss"]
[EventRounds "5"]
[EventCountry "CAN"]

1. e4 c5 2. Nf3 e6 3. d4 cxd4 4. Nxd4 a6 5. Nc3 b5 6. Bd3 Qb6 7. Nb3 Qc7 8. O-O
Bb7 9. Re1 Bd6 10. g3 b4 11. Nb1 h5 12. N1d2 Nc6 13. Nc4 Be7 14. Be3 d6 15. Bb6
Qd7 16. Nba5 Bc8 17. c3 Rb8 18. Bc2 Nxa5 19. Bxa5 Kf8 20. Ba4 Qa7 21. Nxd6 bxc3
22. Bxc3 Nf6 23. Rc1 Qa8 24. Be5 Ng4 25. Bc6 Qa7 26. Bd4 Qc7 27. e5 Bd7 28. Qa4
1-0

[Event "Excelsior January op"]
[Site "Toronto CAN"]
[Date "2023.01.06"]
[Round "1.3"]
[White "Lu, Tony"]
[Black "Rusonik, Max"]
[Result "0-1"]
[WhiteElo "2013"]
[BlackElo "2302"]
[PlyCount "38"]
[EventDate "2023.01.06"]
[EventType "swiss"]
[EventRounds "5"]
[EventCountry "CAN"]

1. e4 c5 2. Nc3 d6 3. d4 cxd4 4. Qxd4 Nc6 5. Qd2 g6 6. b3 Bh6 7. f4 Nf6 8. Bb2
O-O 9. Nge2 b5 10. Nxb5 Nxe4 11. Qd5 Qa5+ 12. c3 Nc5 13. Na3 Bf5 14. b4 Nxb4
15. cxb4 Qxb4+ 16. Bc3 Qxa3 17. g4 Be4 18. Qd4 e5 19. fxe5 dxe5 0-1

[Event "Excelsior January op"]
[Site "Toronto CAN"]
[Date "2023.01.06"]
[Round "1.4"]
[White "Reprintsev, Alexander"]
[Black "Joseph, Jonath"]
[Result "1-0"]
[WhiteElo "2298"]
[BlackElo "1964"]
[PlyCount "71"]
[EventDate "2023.01.06"]
[EventType "swiss"]
[EventRounds "5"]
[EventCountry "CAN"]

1. e4 e5 2. Nf3 Nc6 3. Bc4 Bc5 4. b4 Bxb4 5. c3 Ba5 6. d4 exd4 7. Qb3 Qe7 8.
O-O h6 9. Ba3 d6 10. e5 Nxe5 11. Nxe5 Qxe5 12. Nd2 Qf5 13. Rae1+ Ne7 14. Re2
Bxc3 15. Rfe1 O-O 16. Rxe7 Be6 17. R1xe6 Bxd2 18. Rxc7 Kh8 19. Ree7 Rae8 20.
Qd3 Qxd3 21. Bxd3 Bg5 22. Rxe8 Rxe8 23. g3 Bf6 24. Rxb7 g5 25. Rxf7 Be5 26.
Rxa7 Rc8 27. Bb2 Rb8 28. Bc1 Rc8 29. Bd2 Rb8 30. Kf1 Re8 31. Rh7+ Kg8 32. Rxh6
Ra8 33. Bxg5 Rxa2 34. Bc4+ Kg7 35. Bxa2 d3 36. Re6 1-0

[Event "Excelsior January op"]
[Site "Toronto CAN"]
[Date "2023.01.06"]
[Round "1.7"]
[White "Laughlin, Braden"]
[Black "Munro, Allan"]
[Result "1-0"]
[WhiteElo "1924"]
[BlackElo "2173"]
[PlyCount "45"]
[EventDate "2023.01.06"]
[EventType "swiss"]
[EventRounds "5"]
[EventCountry "CAN"]

1. e4 c6 2. d4 d5 3. e5 Bf5 4. h4 h6 5. g4 Bd7 6. Be3 Qb6 7. Nd2 c5 8. Nb3 cxd4
9. Bxd4 Qc7 10. f4 h5 11. g5 e6 12. g6 fxg6 13. Nf3 Nh6 14. Rg1 Nc6 15. Rxg6
O-O-O 16. Bh3 Ne7 17. Rg1 Nef5 18. Qe2 Kb8 19. Qf2 b6 20. O-O-O Bc5 21. Nxc5
bxc5 22. Bxc5 Rc8 23. b4 1-0

[Event "Excelsior January op"]
[Site "Toronto CAN"]
[Date "2023.01.06"]
[Round "1.8"]
[White "Joseph Benher, Savio"]
[Black "Wang, Andy"]
[Result "1-0"]
[WhiteElo "2117"]
[BlackElo "1901"]
[PlyCount "67"]
[EventDate "2023.01.06"]
[EventType "swiss"]
[EventRounds "5"]
[EventCountry "CAN"]

1. e4 e5 2. Nf3 Nc6 3. Bb5 a6 4. Ba4 Nf6 5. d3 b5 6. Bb3 Bc5 7. a4 Rb8 8. axb5
axb5 9. Nc3 d6 10. Nd5 Nxd5 11. Bxd5 Ne7 12. Bb3 O-O 13. c3 Be6 14. Bxe6 fxe6
15. O-O Nc6 16. d4 exd4 17. cxd4 Bb6 18. Be3 Qe7 19. Rc1 Qd7 20. d5 Ne5 21.
Nxe5 dxe5 22. Bxb6 cxb6 23. Qg4 Rf6 24. Rc6 Rg6 25. Qh3 Rb7 26. Rfc1 exd5 27.
Rc8+ Kf7 28. Qf3+ Rf6 29. Qh5+ Ke7 30. Qxe5+ Qe6 31. Qg5 g6 32. e5 Kd7 33. Qxf6
Qxf6 34. exf6 1-0

[Event "Excelsior January op"]
[Site "Toronto CAN"]
[Date "2023.01.07"]
[Round "2.3"]
[White "Rusonik, Max"]
[Black "Joseph Benher, Savio"]
[Result "1-0"]
[WhiteElo "2302"]
[BlackElo "2117"]
[PlyCount "69"]
[EventDate "2023.01.06"]
[EventType "swiss"]
[EventRounds "5"]
[EventCountry "CAN"]

1. e4 e6 2. d4 d5 3. Nc3 Bb4 4. e5 b6 5. h4 h5 6. a3 Bf8 7. Bg5 Qd7 8. b4 c5 9.
bxc5 bxc5 10. Bb5 Nc6 11. dxc5 Qc7 12. Nf3 Bxc5 13. O-O a6 14. Bxc6+ Qxc6 15.
Ne4 Ne7 16. Nxc5 Qxc5 17. Nd4 Bd7 18. Qd2 Ng6 19. Rfe1 Rc8 20. Rab1 O-O 21. Rb7
Ba4 22. g4 Qc3 23. Qxc3 Rxc3 24. gxh5 Rc4 25. Rb4 Rxb4 26. axb4 Nxe5 27. Rxe5
f6 28. Rxe6 fxg5 29. Rxa6 Rf4 30. c3 Rg4+ 31. Kf1 Rxd4 32. Ra8+ Kh7 33. cxd4
Bb5+ 34. Kg2 gxh4 35. Ra5 1-0

[Event "Excelsior January op"]
[Site "Toronto CAN"]
[Date "2023.01.07"]
[Round "2.4"]
[White "Laughlin, Braden"]
[Black "Reprintsev, Alexander"]
[Result "1/2-1/2"]
[WhiteElo "1924"]
[BlackElo "2298"]
[PlyCount "39"]
[EventDate "2023.01.06"]
[EventType "swiss"]
[EventRounds "5"]
[EventCountry "CAN"]

1. e4 e5 2. Nf3 Nc6 3. Bb5 Bc5 4. O-O Nd4 5. Nxd4 Bxd4 6. c3 Bb6 7. d4 c6 8.
Bc4 d6 9. Be3 Nf6 10. dxe5 dxe5 11. Qxd8+ Bxd8 12. f3 b5 13. Bb3 Bb6 14. Kf2
Ke7 15. a4 bxa4 16. Bxa4 Bd7 17. Nd2 Rhb8 18. Nc4 Bxe3+ 19. Kxe3 c5 20. Bxd7
1/2-1/2

[Event "Excelsior January op"]
[Site "Toronto CAN"]
[Date "2023.01.07"]
[Round "2.5"]
[White "Munro, Allan"]
[Black "Yang, Lefan"]
[Result "1/2-1/2"]
[WhiteElo "2173"]
[BlackElo "1738"]
[PlyCount "78"]
[EventDate "2023.01.06"]
[EventType "swiss"]
[EventRounds "5"]
[EventCountry "CAN"]

1. d4 e6 2. e4 d5 3. Bd3 Nf6 4. e5 Nfd7 5. f4 c5 6. c3 Nc6 7. Nf3 Qb6 8. Bc2
cxd4 9. cxd4 Nb4 10. O-O Nxc2 11. Qxc2 Qc6 12. Qf2 Nb6 13. Nc3 Bd7 14. Be3 Nc4
15. Rfc1 Be7 16. Nd1 Qb6 17. Qg3 O-O 18. Bf2 Rac8 19. b3 Na3 20. Ne3 Nb5 21. f5
f6 22. exf6 Bxf6 23. Rxc8 Bxc8 24. Kh1 Nc3 25. Ng4 Ne4 26. Qf4 Nxf2+ 27. Nxf2
exf5 28. Nd3 Qd8 29. Rc1 g5 30. Qc7 Qxc7 31. Rxc7 f4 32. h3 h5 33. Nfe5 Bf5 34.
Rxb7 Bxd3 35. Nxd3 Bxd4 36. Rd7 f3 37. gxf3 Rxf3 38. Nb4 h4 39. Nxd5 Rf1+
1/2-1/2

[Event "Excelsior January op"]
[Site "Toronto CAN"]
[Date "2023.01.07"]
[Round "2.6"]
[White "Reshetniak, Vitaliy"]
[Black "Deshpande, Sarthak"]
[Result "1-0"]
[WhiteElo "2027"]
[BlackElo "1964"]
[PlyCount "119"]
[EventDate "2023.01.06"]
[EventType "swiss"]
[EventRounds "5"]
[EventCountry "CAN"]

1. d4 d5 2. c4 c6 3. Nc3 Nf6 4. e3 e6 5. Nf3 Nbd7 6. Qc2 Be7 7. Bd3 dxc4 8.
Bxc4 b5 9. Bd3 a6 10. Ne4 Bb7 11. Bd2 Nd5 12. a3 a5 13. O-O O-O 14. Rfd1 h6 15.
Nc5 Nxc5 16. dxc5 Qc7 17. g3 Rfd8 18. e4 Nf6 19. Bf4 Qc8 20. b4 Nh5 21. Be5 Bf6
22. Qc3 Bxe5 23. Nxe5 Nf6 24. Bc2 Qc7 25. f4 a4 26. Kf2 Rxd1 27. Rxd1 Rd8 28.
Rd4 Kf8 29. Qd2 Rxd4 30. Qxd4 Ke7 31. Ke3 Bc8 32. Qd6+ Qxd6 33. cxd6+ Kxd6 34.
Nxf7+ Ke7 35. Ne5 Bb7 36. Kd4 Nd7 37. Nxd7 Kxd7 38. Kc5 Kc7 39. e5 Bc8 40. g4
h5 41. h3 Bd7 42. Bg6 hxg4 43. hxg4 Bc8 44. f5 Bd7 45. f6 gxf6 46. exf6 Kd8 47.
Kd6 Be8 48. f7 Bxf7 49. Bxf7 e5 50. Bg6 c5 51. Kxc5 e4 52. Bxe4 Ke7 53. Kxb5
Kf8 54. Kc6 Kg8 55. b5 Kh8 56. b6 Kg7 57. b7 Kh8 58. b8=Q+ Kg7 59. Qf4 Kh8 60.
Qf8# 1-0

[Event "Excelsior January op"]
[Site "Toronto CAN"]
[Date "2023.01.07"]
[Round "2.7"]
[White "Zhong, Ryan Yunhui"]
[Black "Lu, Tony"]
[Result "1-0"]
[WhiteElo "1963"]
[BlackElo "2013"]
[PlyCount "83"]
[EventDate "2023.01.06"]
[EventType "swiss"]
[EventRounds "5"]
[EventCountry "CAN"]

1. e4 e6 2. d4 d5 3. Nd2 Nf6 4. e5 Nfd7 5. Bd3 c5 6. c3 Nc6 7. Ne2 cxd4 8. cxd4
f6 9. exf6 Nxf6 10. O-O Bd6 11. Nf3 Qc7 12. Nc3 a6 13. Be3 O-O 14. a3 Bd7 15.
h3 Rae8 16. Ng5 e5 17. dxe5 Nxe5 18. Nxd5 Nxd5 19. Bxh7+ Kh8 20. Qxd5 Bc6 21.
Qd1 Rf6 22. Be4 g6 23. Bxc6 Nxc6 24. Qg4 Kg7 25. Rad1 Qe7 26. Rfe1 Ne5 27. Qd4
Rc8 28. Ne4 Rc4 29. Qd5 Rxe4 30. Qxe4 Qc7 31. Qh4 g5 32. Bxg5 Rg6 33. f4 Nf7
34. Kh1 Qc2 35. Rg1 b5 36. Be7 Bb8 37. Rc1 Qd2 38. f5 Rg3 39. Bf6+ Kf8 40. Rc8+
Nd8 41. Rxd8+ Qxd8 42. Bxd8 1-0

[Event "Excelsior January op"]
[Site "Toronto CAN"]
[Date "2023.01.07"]
[Round "2.8"]
[White "Joseph, Jonath"]
[Black "Wang, Andy"]
[Result "0-1"]
[WhiteElo "1964"]
[BlackElo "1901"]
[PlyCount "62"]
[EventDate "2023.01.06"]
[EventType "swiss"]
[EventRounds "5"]
[EventCountry "CAN"]

1. Nf3 Nf6 2. b3 b6 3. Bb2 Bb7 4. e3 e6 5. Be2 Be7 6. O-O O-O 7. d4 d5 8. Nbd2
Nbd7 9. c4 dxc4 10. Nxc4 c5 11. Rc1 Rc8 12. Rc2 Nd5 13. Qa1 cxd4 14. Nxd4 Nc5
15. Rd1 Bf6 16. Bf3 Nb4 17. Rcd2 Bxf3 18. Nxf3 Bxb2 19. Qxb2 Qe7 20. Nfe5 f6
21. Nd7 Rfd8 22. Nxc5 Rxd2 23. Qxd2 Rxc5 24. Qxb4 Rd5 25. Qe1 Qb4 26. h3 a5 27.
Qxb4 Rxd1+ 28. Kh2 axb4 29. Nxb6 Rd2 30. Kg3 Rxa2 31. Nd7 Rc2 0-1

[Event "Excelsior January op"]
[Site "Toronto CAN"]
[Date "2023.01.07"]
[Round "3.3"]
[White "Yang, Lefan"]
[Black "Sanchez, Victor"]
[Result "1/2-1/2"]
[WhiteElo "1738"]
[BlackElo "2322"]
[PlyCount "157"]
[EventDate "2023.01.06"]
[EventType "swiss"]
[EventRounds "5"]
[EventCountry "CAN"]

1. d4 Nf6 2. e3 g6 3. Bd3 Bg7 4. Nd2 O-O 5. c3 d6 6. Ne2 c5 7. O-O Nc6 8. Ne4
b6 9. Nf4 Bb7 10. Nxf6+ Bxf6 11. dxc5 bxc5 12. c4 Rb8 13. Nd5 Bg7 14. Rb1 e6
15. Nc3 d5 16. cxd5 exd5 17. a3 Ne5 18. Re1 Re8 19. Bb5 Re6 20. Bf1 d4 21. exd4
cxd4 22. Ne4 Qd5 23. b4 Rbe8 24. Bd2 Nd7 25. f3 f5 26. Ng5 Rxe1 27. Bxe1 h6 28.
Nh3 g5 29. Rc1 Qe5 30. Nf2 Bd5 31. Nd3 Qd6 32. Bf2 Nb6 33. Nc5 Bf7 34. Bd3 Qe5
35. Qc2 f4 36. Re1 Qb8 37. Rxe8+ Qxe8 38. Be4 Nc4 39. Qd3 Ne3 40. h3 Bc4 41.
Qd2 Qe7 42. Bd3 Bf7 43. Qc1 h5 44. Ne4 Qd8 45. Qc5 g4 46. Ng5 Qf8 47. Nxf7 Qxc5
48. bxc5 Kxf7 49. Bxe3 fxe3 50. hxg4 hxg4 51. fxg4 Ke6 52. Bc4+ Kd7 53. Bb5+
Kc7 54. Kf1 Bf8 55. a4 Bxc5 56. Ke2 Kd6 57. Bc4 Bb6 58. g5 Bd8 59. g6 Bf6 60.
g4 Kc5 61. Bb5 Kb4 62. Kd3 Kb3 63. g5 Bg7 64. Bc6 a6 65. Bd7 Kb4 66. Bc6 Kc5
67. Bf3 a5 68. Be4 Kd6 69. Ke2 Ke5 70. Bd3 Kf4 71. Bc2 Kxg5 72. Kf3 Kf6 73. Bd3
Ke5 74. Bb5 Kd5 75. Ke2 Kc5 76. Kd3 Kb4 77. Bd7 Kb3 78. Bc6 Kb2 79. Bf3 1/2-1/2

[Event "Excelsior January op"]
[Site "Toronto CAN"]
[Date "2023.01.07"]
[Round "3.5"]
[White "Joseph Benher, Savio"]
[Black "Zhong, Ryan Yunhui"]
[Result "1-0"]
[WhiteElo "2117"]
[BlackElo "1963"]
[PlyCount "138"]
[EventDate "2023.01.06"]
[EventType "swiss"]
[EventRounds "5"]
[EventCountry "CAN"]

1. e4 e6 2. d4 d5 3. Nc3 Nf6 4. Bg5 dxe4 5. Nxe4 Nbd7 6. Nf3 Be7 7. Bxf6 Nxf6
8. Bd3 O-O 9. O-O Bd7 10. Ne5 Bc6 11. Nxc6 bxc6 12. c3 Rb8 13. Qe2 Nxe4 14.
Qxe4 g6 15. Qxc6 Rxb2 16. Rfb1 Rd2 17. Be4 Bd6 18. g3 Qf6 19. Bf3 Rd3 20. Kg2
Qg5 21. Rd1 Rxd1 22. Rxd1 Qa5 23. c4 Rb8 24. c5 Bf8 25. a4 Rb4 26. Qd7 Qxa4 27.
Qxc7 Rxd4 28. Rxd4 Qxd4 29. c6 Bc5 30. Qb8+ Kg7 31. Kh3 Bd6 32. Qd8 Qc5 33. Qd7
a5 34. Bg4 Be5 35. f4 Bb8 36. Qb7 Qd6 37. Qb5 Bc7 38. Bf3 Qb4 39. Qa6 a4 40.
Qa7 Qa5 41. Qd4+ Kg8 42. Bd1 a3 43. Bb3 a2 44. Qa1 Qf5+ 45. Kg2 Qe4+ 46. Kh3
Qb1 47. Qxa2 Qf1+ 48. Qg2 Qb5 49. Bd1 h5 50. Qf3 Kf8 51. Kg2 Bb6 52. Qa3+ Kg7
53. Qc3+ Kh7 54. c7 Qd5+ 55. Bf3 Qa2+ 56. Kh3 Bg1 57. Kh4 Qxh2+ 58. Kg5 Qxg3+
59. Kf6 Qxf4+ 60. Ke7 Bd4 61. Qc6 Bf6+ 62. Kd7 Qb4 63. Qd6 Qa4+ 64. Bc6 Qa7 65.
Ke8 Qe3 66. c8=Q Bg7 67. Qcd7 Qg5 68. Qxf7 e5 69. Be4 Kh8 1-0

[Event "Excelsior January op"]
[Site "Toronto CAN"]
[Date "2023.01.07"]
[Round "3.6"]
[White "Wang, Andy"]
[Black "Munro, Allan"]
[Result "0-1"]
[WhiteElo "1901"]
[BlackElo "2173"]
[PlyCount "76"]
[EventDate "2023.01.06"]
[EventType "swiss"]
[EventRounds "5"]
[EventCountry "CAN"]

1. e4 c6 2. d4 d5 3. f3 dxe4 4. fxe4 e5 5. Nf3 Bg4 6. Bc4 Nd7 7. Be3 Ngf6 8.
Nbd2 Bd6 9. c3 O-O 10. O-O Qc7 11. h3 Bh5 12. Qc2 b5 13. Bd3 a6 14. a4 Rfc8 15.
Rfc1 Rab8 16. axb5 axb5 17. Ra2 c5 18. d5 c4 19. Be2 Bc5 20. Bxc5 Qxc5+ 21. Kf1
Bg6 22. Re1 Nxd5 23. Qc1 Ne3+ 24. Kg1 Nc2+ 25. Kh2 Nxe1 26. Nxe1 Qe3 27. Bf3
Nf6 28. Nc2 Qf2 29. Nb4 Bh5 30. Bxh5 Nxh5 31. Nd5 Nf4 32. Nxf4 Qxf4+ 33. Kh1
Rd8 34. b4 Rd3 35. Qc2 Rbd8 36. Nf3 h6 37. Ra1 Rxf3 38. gxf3 Rd2 0-1

[Event "Excelsior January op"]
[Site "Toronto CAN"]
[Date "2023.01.07"]
[Round "3.7"]
[White "Lu, Tony"]
[Black "Oancea, Nicolae"]
[Result "0-1"]
[WhiteElo "2013"]
[BlackElo "2073"]
[PlyCount "116"]
[EventDate "2023.01.06"]
[EventType "swiss"]
[EventRounds "5"]
[EventCountry "CAN"]

1. e4 e6 2. d4 d5 3. e5 c5 4. c3 Nc6 5. Nf3 Qb6 6. Bd3 Bd7 7. dxc5 Bxc5 8. O-O
f6 9. Nbd2 fxe5 10. Bc2 e4 11. Ne1 Bxf2+ 12. Kh1 Nf6 13. Qe2 Bc5 14. Nb3 Bd6
15. g3 O-O-O 16. Be3 Qc7 17. Rd1 h5 18. Bg5 Rdf8 19. Ng2 Ne5 20. Nd4 Nh7 21.
Be3 Nc4 22. Bb3 e5 23. Bxc4 exd4 24. Rxd4 Bg4 25. Qd2 dxc4 26. Rxf8+ Rxf8 27.
Rxd6 Rf1+ 28. Bg1 Rd1 29. Qxd1 Bxd1 30. Rxd1 Qe7 31. Bxa7 Nf6 32. Ne3 Ng4 33.
Rf1 Qe6 34. Nxg4 Qxg4 35. Re1 g5 36. Bd4 h4 37. Kg2 h3+ 38. Kf1 Qf3+ 39. Bf2
Qg2+ 40. Ke2 Qf3+ 41. Kf1 Kd7 42. a3 Kc6 43. a4 Kd5 44. Re3 Qd1+ 45. Be1 Qxa4
46. g4 Qd1 47. Rxh3 Ke5 48. Rg3 Kf4 49. Rg2 Qd3+ 50. Kf2 Qf3+ 51. Kg1 Qe3+ 52.
Kf1 Qd3+ 53. Kg1 e3 54. h4 Qd1 55. Kf1 gxh4 56. Rh2 Qf3+ 57. Kg1 h3 58. Rc2 e2
0-1